000 01968cad a22002895a 4500
001 L148422
008 090916s2009 xxkbo f f000 0 eng d
035 _a(Sirsi) u148422
041 0 _aeng
050 0 4 _a690.867 $2 18
110 2 _aCountryside and Community Research Institute
_95793
245 0 0 _aHistoric farm buildings
_b
_h[electronic resource]
260 _aLondon
_bEnglish Heritage
_c2009
505 2 _aIntroduction -- Mapping farmstead character -- Disrepair: evidence from the historic Farm building photo survey -- The adaptive re-use of historic farm buildings -- Conclusions and recommendations -- Key sources
520 _aPresents findings of research on how data about traditional farm buildings can be collected and analysed at different spatial scales. Provides information on the size, character and condition of the stock of historic farm buildings, their relationship to the landscape as well as their re-use as domestic accommodations and business places. Recommends: an integrated management of data collected by the three research projects; the extension to the entire nation of the Farmstead and Landscape Project; the production of character statements for all national character areas; the improvement of the data found on the re-use of traditional farm buildings using the methods applied by the Historic Farm Building Photo Survey and the "Historic Farmsteads: Current Role and Context" project.
521 _aAdvanced
590 _aKA
651 4 _aEngland and Wales
_y1543-
690 _aBUILT ENVIRONMENT-BUILDING TYPES-ANCIENT MONUMENTS AND HISTORIC BUILDINGS
700 1 _aGaskell, Peter
700 1 _aEdwards, Bob
700 1 _aBibby, Peter
710 1 _aForum Heritage Services
710 1 _aUniversity of Sheffield
_bDepartment of Town and Regional Planning
_94938
856 4 0 _uhttps://www.info4local.gov.uk/documents/publications/1333948
_zView the item free of charge at www.info4local.gov.uk...
942 _n0
999 _c110044
_d110044